| 000 | 01154nam a2200301 4500 | ||
|---|---|---|---|
| 001 | 0000018444 | ||
| 003 | CO-CtgCURN | ||
| 005 | 20250331185147.0 | ||
| 007 | ta | ||
| 008 | 160627s1999 000 0 eng d | ||
| 020 | _a083857386X | ||
| 040 |
_aCO-CtgCURN _bspa _ccoctgcurn |
||
| 082 | 0 |
_a611.738 _bK35t |
|
| 245 | 0 | 0 |
_aTratamiento quirurgico de pie y tobillo / _cArmen S. KeliKian. |
| 260 |
_aMexico : _bInteramericana McGraw, _c1999. |
||
| 300 | _a656 p. | ||
| 336 | _2rdacontent | ||
| 337 |
_2rdamedia _asin mediacion _bn |
||
| 338 |
_2rdacarrier _avolumen _bnc |
||
| 500 | _aIncluye indice. | ||
| 505 | 8 | _aAnatomÃa aplicada de pie y tobillo.--Imagenes de pie y tobillo.--AnatomÃa funcional de pie y tobillo.--Prescripcion de calzado y ortesis.--Armamentario e implantes.--De formaciones de los dedos menores.--Tratamiento quirurgico del pie | |
| 650 | 1 | 4 | _aDiagnostico y tratamiento. |
| 700 | 1 |
_aKelikian, Armen S., _eEditor. |
|
| 908 | _a160627 | ||
| 942 |
_cBK _h611.738 _iK35t _2ddc |
||
| 999 |
_c21618 _d21618 |
||